| 000 | 00675nam a2200217 u 4500 | ||
|---|---|---|---|
| 005 | 20240802063711.0 | ||
| 008 | 110909s2006 r 000 0 eng d | ||
| 020 | _a9681682734 (10 dígitos) | ||
| 020 | _a9789681682736 (13 dígitos) | ||
| 035 | _aUPN01000181765 | ||
| 049 | _aI | ||
| 050 | 4 |
_aPZ74.9 _bB7.24 |
|
| 100 | 1 |
_aBrozon, M. B., _d1970- _931044 |
|
| 245 | 1 | 0 |
_aAlguien en la ventana / _cM. B. Brozon ; il. de Juan Pablo Gázquez. |
| 260 |
_aMéxico : _bFCE, _c2006. |
||
| 300 |
_a120 p. : _bil. |
||
| 440 | 0 |
_aA la orilla del viento ; _v184 |
|
| 650 | 4 |
_aLiteratura infantil mexicana _910209 |
|
| 650 | 4 |
_aMiedo _vLiteratura infantil _912306 |
|
| 905 | _aInfantil | ||
| 999 |
_c153868 _d153868 |
||